El Evagelio de la Grazia / Maurizio Flick, Zoltan Alszeghy ; traducción por Juan A. Paredes y Raimundo Rincón

Salvato in:
Dettagli Bibliografici
Autore principale: Flick, Maurizio (autor)
Altri autori: I.Alszeghy, Zoltan \ II.Pardes, Juan A. \ III.Rincón, Raimundo (autor) (autor)
Natura: Libro
Edizione:2a ed.
Soggetti:
Tags: Aggiungi Tag
Nessun Tag, puoi essere il primo ad aggiungerne!!

MARC

LEADER 00000nam^a2200000^u^4500
001 000539954
005 20250521000000.0
008 060220s1000^^^^^^^^^^^^r^^^^^000^0^spa^d
009 20260310131153.838
035 |a FMI 000007725 
037 |a Acervo Xavier Clavigero 
096 |a 5.6.3/5/C 
100 |a Flick, Maurizio  |e (autor) 
245 1 3 |a El Evagelio de la Grazia / Maurizio Flick, Zoltan Alszeghy ; traducción por Juan A. Paredes y Raimundo Rincón 
250 |a 2a ed. 
264 |a Salamanca (España) : Ediciones Sígueme 
300 |a 821 p. 
336 |a texto  |b txt  |2 rdacontenido 
337 |a sin mediación  |b n  |2 rdamedio 
338 |a volumen  |b nc  |2 rdasoporte 
597 |a Traducido de: Il vangello della grazia \ Incluye índice analítico 
649 |a XX 
650 |a Gracia (Teología) 
700 |a I.Alszeghy, Zoltan \ II.Pardes, Juan A. \ III.Rincón, Raimundo  |e (autor) 
910 |a Fondo Francisco Migoya Covarrubias S.J. 
920 |a Impresos - Libros 
930 |a Fondos Especiales 
905 |a 134 
901 |a SBC27881  |b IT2  |c ESP  |u 20250521 
902 |a https://opac.biblio.iteso.mx/vufind/Record/000539954